000 00518nas a2200193Ia 4500
001 128
008 151030s9999 xx 000 0 und d
022 _a21456038
041 0 _aEspañol
245 1 0 _aVida nueva: Una palabra comprometida en la iglesia
260 _aColombia : Delfín Ltda.
310 _aMensual
541 _aVarios
_cCompra
_d
_h0
590 _aMensual
591 _aFALSO
592 _aMilton Acosta (Pablo Moreno)
362 1 _aNo. 27 (may. - jun., 2011) - No. 28 (jun.,2011)Ì
942 _cCR
999 _c49440
_d49440